000 00958nam0a22002531 4500
001 rc\647152
005 20031121164914.4
035 _a(NLR Aleph) 005887665
090 _a6144238
_c6144238
100 _a20031121d1986 u |0rusy50 ca
101 0 _arus
102 _aRU
105 _aa |||||||||
200 1 _aИнтродукция однолетних декоративных растений в Молдавии
_fОтв. ред. З.В. Янушевич, Н.Л. Шарова
_gАН МССР, Ботан. сад
210 _aКишинев
_cШтиинца
_d1986
215 _a276, [2] с.
_cил.
_d22
320 _aБиблиогр.: с. 265-271
320 _aАлф. указ. рус., латин. назв. родов и видов растений: с. 272-277
700 1 _aСавва
_bВ. Г.
_gВиктор Георгиевич
801 0 _aRU
_bNLR
_gpsbo
801 1 _aRU
_bELAR
_2rusmarc
852 _aNLR
_j86-5/4459
942 _cBOOK
980 _aNB